Güçsüzlük isteği (Record no. 10447)
[ view plain ]
| 000 -BAŞLIK | |
|---|---|
| Sabit Uzunlukta Kontrol Alanı | 00976na a2200277 4500 |
| 001 - KONTROL NUMARASI | |
| Denetim Alanı | 23628 |
| 003 - KONTROL NUMARASI IDENTIFIER | |
| Denetim Alanı | MIRAKIL |
| 005 - SON İŞLEM TARİHİ VE ZAMANI | |
| Denetim Alanı | 20181213155322.0 |
| 008 - SABİT-BOY VERİ ELEMANLARI - GENEL BİLGİLER | |
| Sabit Uzunlukta Kontrol Alanı | 180109b tu 000 0 |
| 020 ## - ULUSLARARASI STANDART KİTAP NUMARASI | |
| Uluslararası Standart Kitap Numarası | 9753637764 |
| 040 ## - KATALOGLAMA KAYNAK | |
| Orijinal Kataloglama Ajansı | Milas |
| Kataloglama Dili | tur |
| Metne Dönüştürmek Ajansı | TR-AnCHP |
| 041 ## - DİL KODU | |
| Metin / Ses Parça Veya Ayrı Başlığın Dil Kodu | tur |
| 082 ## - DEWEY ONLU SINIFLANDIRMA NUMARASI | |
| Sınıflandırma Numarası | 320 |
| Ürün Numarası | B65g 1997 |
| 090 ## - SINIFLAMA NUMARASI | |
| Sınıflama Numarası | 320 B65g 1997 |
| 100 ## - ANA GİRİŞ - KİŞİSEL İSİM | |
| Kişisel Ad | Bonıface, Pascal |
| 245 ## - BAŞLIK TABLOSU | |
| Başlık | Güçsüzlük isteği |
| Başlığın Kalan | Uluslararası ve stratejik tutkuların sonu mu? |
| Sorumluluk Tablosu, Vb | Pascal Boniface; çeviren Alp Tümertekin |
| 246 ## - UNVAN FORM VARYING | |
| Başlık Doğru / Kısa Başlığı | Uluslararası ve stratejik tutkuların sonu mu? |
| 260 ## - YAYIN, DAĞITIM, VB | |
| Yayın, Dağıtım, Vb Yeri | İstanbul |
| Yayıncı, Dağıtıcı, Vs Adı | Yapı Kredi Yayınları |
| Yayın, Dağıtım, Vb Tarihi | 1997 |
| Üretici Firma | Şefik Matbaası |
| 300 ## - FİZİKSEL TANIM | |
| Kapsam | 186 s. |
| Boyutlar | 21 sm. |
| 440 ## - SERİSİ TABLOSU / KATMA GİRİŞİ - BAŞLIK | |
| Başlık | Cogito |
| Hacim / Ardışık Tanımı | 65 |
| 500 ## - GENEL NOT | |
| Genel Not | Özgün yapıt adı : La volonte D'İmpuissance La fin des ambitions internationales et strategiques? |
| 650 ## - KONU KATMA GİRİŞ - TOPİKAL DÖNEM | |
| Topikal Süreli Veya Coğrafi Ad Giriş Elemanı | Dünya politikaları |
| Genel Alt Bölümü | Denemeler |
| 700 ## - KATMA GİRİŞ - KİŞİSEL İSİM | |
| Kişisel Ad | Tümertekin, Alp |
| Relator Terim | çev. |
| 740 ## - KATMA GİRİŞ - KONTROLSUZ İLGİLİ / ANALİTİK BAŞLIK | |
| Kontrol Edilmeyen / İlgili Analitik Başlıktaki | Uluslararası ve stratejik tutkuların sonu mu? |
| 942 ## - EKLENDİ GİRİŞ ELEMANLARI (KOHA) | |
| Sınıflandırma Veya Raf Düzeni Kaynak | |
| Koha Öğesi Türü | Books |
| 999 ## - SİSTEM KONTROL NUMARALARI (KOHA) | |
| Koha Biblionumber | 10447 |
| Koha Biblioitemnumber | 10447 |
| Kalıcı Konum | Mevcut Konum | Edinme Tarihi | Edinim Kaynak | Toplam Check-Out'Lar | Tam Çağrı Numarası | Barkod | Tarih Son Görülme | İtibaren Geçerli Fiyatlar | Koha Öğesi Türü |
|---|---|---|---|---|---|---|---|---|---|
| CHP Kütüphanesi | CHP Kütüphanesi | 11/14/2017 | Bağış | 320 B65g 1997 | 017615 | 11/14/2017 | 11/14/2017 | Books |
